000 00613nam a2200217 a 4500
008
020 _a0721643949 (hbk.)
049 _aMAIN
090 _aQP34.5
_bGUY.
100 1 _aArthur C. Guyton.
245 1 0 _aTextbook of medical physiology/
_cArthur C. Guyton.
250 _a6th ed.
260 _aPhiladelphia :
_bW.B Saunders,
_c1980.
300 _axxxiv, 1074 p. :
_bcol. ill. ;
_c27 cm.
650 1 _aMedicine
_vPhysiology.
907 _a.b10361662
_b10-09-15
_c10-09-15
003
005 20230120204156.0
040 _cNUST
942 _cBOOKS
_kQP34.5
_mGUY.
999 _c118492
_d118492